Aktuálne otázky realitného trhu v krajinách V4
Cenový vývoj na realitnom trhu krajín V4. Transparentnosť trhu nehnuteľností krajín V4. Analýza vybraných indikátorov realitného trhu rezidenčných nehnuteľností krajín V4. Analýza vybraných charakteristík realitného trhu komerčných nehnuteľností krajín V4.
Enregistré dans:
| Auteur principal: | |
|---|---|
| Format: | Chapitre de livre |
| Langue: | slovaque |
| Sujets: | |
| Tags: |
Pas de tags, Soyez le premier à ajouter un tag!
|
MARC
| LEADER | 00000nla a2200000 4500 | ||
|---|---|---|---|
| 001 | 0183514 | ||
| 005 | 20240502073136.0 | ||
| 041 | 0 | |a slo | |
| 044 | |a SK | ||
| 245 | 1 | 0 | |a Aktuálne otázky realitného trhu v krajinách V4 |c Mária Širaňová |
| 520 | |a Cenový vývoj na realitnom trhu krajín V4. Transparentnosť trhu nehnuteľností krajín V4. Analýza vybraných indikátorov realitného trhu rezidenčných nehnuteľností krajín V4. Analýza vybraných charakteristík realitného trhu komerčných nehnuteľností krajín V4. | ||
| 610 | 2 | 0 | |a nehnuteľnosti |
| 610 | 2 | 0 | |a trh realitný |
| 610 | 2 | 0 | |a ceny |
| 610 | 2 | 0 | |a Vyšehradská štvorka |
| 100 | 1 | |a Širaňová, Mária | |